[Event "71. Unterfraenkische Einzelmeisterschaft 2022"]
[White "Babiy,Olga"]
[Black "Amtmann,Florian"]
[Site "Wertheim"]
[Round "6.1"]
[Annotator ""]
[Result "1-0"]
[Date "2022.04.21"]
[WhiteElo "2261"]
[BlackElo "2130"]
[PlyCount "64"]

1. e4 c5 2. Nf3 d6 3. d4 cxd4 4. Nxd4 Nf6 5. Nc3 a6 6. Be3 e6 7. Be2 Qc7 8. g4 b5 9. g5 Nfd7 10. a3 Nb6 11. f4 Nc4 12. Bxc4 Qxc4 13. Qf3 Nd7 14. O-O-O Rb8 15. h4 a5 16. Ncxb5 Rxb5 17. Nxb5 Qxb5 18. h5 Bb7 19. Bd4 e5 20. Bc3 Be7 21. Rhg1 O-O 22. f5 f6 23. Bd2 Qc4 24. Rde1 Rc8 25. Bc3 fxg5 26. Rg2 Nf6 27. Rxg5 Nxe4 28. Rg4 d5 29. f6 Bf8 30. h6 Rc7 31. fxg7 Be7 32. Rf1 Bf6 1-0

[Event "71. Unterfraenkische Einzelmeisterschaft 2022"]
[White "Englert,Fabian"]
[Black "Heidel,Andre Nicolas"]
[Site "Wertheim"]
[Round "6.2"]
[Annotator ""]
[Result "1-0"]
[Date "2022.04.21"]
[WhiteElo "2420"]
[BlackElo "2154"]
[PlyCount "66"]

1. e4 e6 2. d4 d5 3. Nd2 c5 4. exd5 exd5 5. Bb5+ Nc6 6. Ngf3 Bd6 7. dxc5 Bxc5 8. O-O Nge7 9. Nb3 Bd6 10. h3 O-O 11. Re1 Qc7 12. c3 Bf5 13. Nbd4 Be4 14. Bd3 Bxf3 15. Nxf3 Rfe8 16. Bc2 Bc5 17. Be3 Bxe3 18. Rxe3 Red8 19. Ng5 g6 20. Qf3 Rf8 21. Qg4 h6 22. Nf3 Kg7 23. Rae1 Rad8 24. Nd4 Rd7 25. Rg3 Kg8 26. Bf5 Rdd8 27. Ne6 fxe6 28. Bxg6 Nxg6 29. Qxg6+ Kh8 30. Qxh6+ Qh7 31. Rxe6 Rf5 32. Qe3 d4 33. cxd4 Nxd4 1-0

[Event "71. Unterfraenkische Einzelmeisterschaft 2022"]
[White "Kalinina,Larisa"]
[Black "Helm,Timo"]
[Site "Wertheim"]
[Round "6.3"]
[Annotator ""]
[Result "1/2-1/2"]
[Date "2022.04.21"]
[WhiteElo "2131"]
[BlackElo "2067"]
[PlyCount "40"]

1. e4 e6 2. d4 d5 3. exd5 exd5 4. Bd3 Bd6 5. Qf3 c6 6. Bf4 Nf6 7. h3 Bxf4 8. Qxf4 Na6 9. c3 Nc7 10. Nf3 Ne6 11. Qe5 Qc7 12. Nbd2 Qxe5+ 13. Nxe5 Nf4 14. Bf1 Bf5 15. g3 Ng6 16. Bg2 Nd7 17. Nef3 O-O 18. O-O Rfe8 19. Rfe1 a5 20. b3 a4 1/2-1/2

[Event "71. Unterfraenkische Einzelmeisterschaft 2022"]
[White "Kuhn,Norbert"]
[Black "Grineva,Marianna"]
[Site "Wertheim"]
[Round "6.4"]
[Annotator ""]
[Result "1/2-1/2"]
[Date "2022.04.21"]
[WhiteElo "2018"]
[BlackElo "1996"]
[PlyCount "43"]

1. e4 d6 2. d4 g6 3. Nc3 Bg7 4. Be3 a6 5. a4 b6 6. Qd2 Nd7 7. Nf3 Bb7 8. Bc4 e6 9. O-O Ne7 10. Bh6 O-O 11. Bxg7 Kxg7 12. Rad1 Bxe4 13. Nxe4 d5 14. Bd3 dxe4 15. Bxe4 c6 16. Ne5 Qc7 17. Qc3 Nf6 18. Bf3 Rac8 19. Rfe1 Rfd8 20. Qc4 b5 21. Qc5 Nfd5 22. Ra1 1/2-1/2

[Event "71. Unterfraenkische Einzelmeisterschaft 2022"]
[White "Steinmacher,Josef"]
[Black "Link,Klaus"]
[Site "Wertheim"]
[Round "6.5"]
[Annotator ""]
[Result "1/2-1/2"]
[Date "2022.04.21"]
[WhiteElo "2031"]
[BlackElo "1969"]
[PlyCount "35"]

1. d4 Nf6 2. Nf3 e6 3. e3 c5 4. Bd3 Nc6 5. O-O d5 6. b3 cxd4 7. exd4 Be7 8. Bb2 O-O 9. a3 a6 10. Nbd2 b5 11. Re1 Qb6 12. Nf1 b4 13. axb4 Nxb4 14. Be2 a5 15. Ne5 Ba6 16. Bxa6 Qxa6 17. Ne3 Rfd8 18. Ra4 1/2-1/2

[Event "71. Unterfraenkische Einzelmeisterschaft 2022"]
[White "Basel,Matthias"]
[Black "Roth,Jakob"]
[Site "Wertheim"]
[Round "6.6"]
[Annotator ""]
[Result "1/2-1/2"]
[Date "2022.04.21"]
[WhiteElo "2057"]
[BlackElo "1980"]
[PlyCount "31"]

1. d4 Nf6 2. Nf3 g6 3. c4 Bg7 4. Nc3 O-O 5. e4 d6 6. Be2 e5 7. d5 Na6 8. Nd2 h5 9. Rb1 Nh7 10. b4 Qh4 11. Nf1 f5 12. g3 Qe7 13. Rb3 h4 14. Rg1 hxg3 15. Rxg3 Qf6 16. f3 1/2-1/2

[Event "71. Unterfraenkische Einzelmeisterschaft 2022"]
[White "Lutz,Peter"]
[Black "Oster,Klaus"]
[Site "Wertheim"]
[Round "6.7"]
[Annotator ""]
[Result "1/2-1/2"]
[Date "2022.04.21"]
[WhiteElo "2003"]
[BlackElo "1915"]
[PlyCount "59"]

1. d4 d5 2. c4 e6 3. Nc3 Nf6 4. Bg5 dxc4 5. e4 c5 6. d5 h6 7. Bxf6 Qxf6 8. Bxc4 a6 9. a4 Qg6 10. Qd3 e5 11. Qg3 Qxg3 12. hxg3 Bd6 13. Nge2 Nd7 14. Kd2 Nf6 15. f3 Bd7 16. g4 Ke7 17. Ra3 b6 18. g3 Nh7 19. Ke3 f6 20. Ng1 Rhb8 21. b3 Nf8 22. Nge2 Ng6 23. Rb1 Rc8 24. Ra2 Rcb8 25. Nc1 Nh8 26. Nd3 Rc8 27. Ne1 g5 28. Nd3 Nf7 29. Rh1 Kf8 30. Rb1 1/2-1/2

[Event "71. Unterfraenkische Einzelmeisterschaft 2022"]
[White "Roth,Ludwig"]
[Black "Scholz,Michael"]
[Site "Wertheim"]
[Round "6.9"]
[Annotator ""]
[Result "0-1"]
[Date "2022.04.21"]
[WhiteElo "1522"]
[BlackElo "1832"]
[PlyCount "65"]

1. e4 d5 2. exd5 Nf6 3. Nc3 Nxd5 4. Bc4 c6 5. Qf3 e6 6. d4 Nd7 7. Nge2 N7f6 8. Bg5 Be7 9. O-O Nxc3 10. bxc3 Qa5 11. Bxf6 gxf6 12. Nf4 Qg5 13. Rfe1 h5 14. d5 e5 15. Rad1 Bg4 16. Qe4 Bxd1 17. dxc6 Qxf4 18. Qd5 O-O 19. Qxd1 Qxc4 20. Re3 h4 21. Qh5 Rfd8 22. g3 Qxc6 23. gxh4 Bc5 24. Re1 Rd2 25. Qg4+ Kf8 26. Rf1 Qb6 27. Kh1 Rad8 28. h5 Bxf2 29. h3 Qc6+ 30. Kh2 Bh4+ 31. Kg1 Qc5+ 32. Kh1 Rf2 33. Rb1 0-1

[Event "71. Unterfraenkische Einzelmeisterschaft 2022"]
[White "Ersoez,Can"]
[Black "Rauth,Markus"]
[Site "Wertheim"]
[Round "6.10"]
[Annotator ""]
[Result "1/2-1/2"]
[Date "2022.04.21"]
[WhiteElo "1943"]
[BlackElo "1775"]
[PlyCount "36"]

1. e4 c5 2. Nc3 Nc6 3. f4 g6 4. Nf3 Bg7 5. Bb5 Nd4 6. O-O Nxb5 7. Nxb5 d5 8. exd5 a6 9. Nc3 Nf6 10. d4 c4 11. Qe2 b5 12. Ne5 Bb7 13. f5 O-O 14. fxg6 hxg6 15. a3 Nxd5 16. Nxd5 Qxd5 17. c3 Bxe5 18. dxe5 Qe4 1/2-1/2

[Event "71. Unterfraenkische Einzelmeisterschaft 2022"]
[White "Schellenberger,Dirk"]
[Black "Bauer,Ottmar"]
[Site "Wertheim"]
[Round "6.11"]
[Annotator ""]
[Result "1-0"]
[Date "2022.04.21"]
[WhiteElo "1680"]
[BlackElo "1703"]
[PlyCount "104"]

1. Nf3 d5 2. c4 e6 3. e3 Nf6 4. b3 Be7 5. Bb2 O-O 6. d4 b6 7. Bd3 Bb7 8. O-O Nbd7 9. Nc3 c5 10. Re1 Ne4 11. Qc2 f5 12. Nd2 Rc8 13. Rac1 Bd6 14. Nf1 cxd4 15. exd4 Qg5 16. f3 Nxc3 17. Bxc3 Rf6 18. Qf2 a6 19. Bd2 f4 20. cxd5 e5 21. Rxc8+ Bxc8 22. Bc3 Bb7 23. Nd2 Bxd5 24. Bc4 Bxc4 25. Ne4 Qg6 26. Nxf6+ Qxf6 27. bxc4 exd4 28. Bxd4 Qf7 29. Qe2 Nc5 30. Qe8+ Qxe8 31. Rxe8+ Kf7 32. Re2 g6 33. Bxc5 Bxc5+ 34. Kf1 Be3 35. Rb2 Ke6 36. Ke2 Kd6 37. g3 Kc5 38. Kd3 g5 39. g4 Bc1 40. Rc2 Be3 41. Ke4 h6 42. h3 a5 43. Kd3 Bd4 44. Rc1 Be3 45. Rb1 Kd6 46. Rb5 Bc5 47. Ke4 a4 48. Rb2 Be3 49. Rb4 a3 50. Ra4 Bc5 51. Ra8 Ke6 52. Rh8 Kd5+ 1-0

[Event "71. Unterfraenkische Einzelmeisterschaft 2022"]
[White "Cekovic,Hajro"]
[Black "Englert,Fred"]
[Site "Wertheim"]
[Round "6.12"]
[Annotator ""]
[Result "0-1"]
[Date "2022.04.21"]
[WhiteElo "1490"]
[BlackElo "1733"]
[PlyCount "158"]

1. e4 c6 2. Nf3 d5 3. exd5 cxd5 4. d4 Nf6 5. Nc3 Nc6 6. Bd3 g6 7. O-O Bg7 8. a3 O-O 9. Bf4 Bg4 10. Be3 a6 11. h3 Be6 12. Qd2 b5 13. Ne2 Qb6 14. Ng3 a5 15. c3 b4 16. Ne5 bxc3 17. bxc3 Qc7 18. Bf4 Nxe5 19. Bxe5 Qc6 20. a4 Rfc8 21. Rfc1 Ra7 22. Bb5 Qa8 23. Rab1 Bd7 24. Rb3 Bxb5 25. Rxb5 Qc6 26. Qb2 Nd7 27. Bf4 h6 28. Ne2 e6 29. Rb1 Qc4 30. Kf1 Qxa4 31. Ra1 Qc4 32. Rbxa5 Rxa5 33. Rxa5 Qd3 34. f3 e5 35. dxe5 Nxe5 36. Qd2 Qb1+ 37. Kf2 Qb6+ 38. Qd4 Qxa5 39. Bxe5 Bxe5 40. Qxe5 Qb5 41. Kg3 Re8 42. Nd4 Qb8 43. Qxb8 Rxb8 44. Kf4 Rc8 45. Ne2 f6 46. Ke3 Rc4 47. Kd3 Kf7 48. g3 g5 49. Nd4 Ra4 50. g4 Kg6 51. Nf5 Rf4 52. Ke3 Rxf5 53. gxf5+ Kxf5 54. Kd4 Ke6 55. Ke3 Ke5 56. Kd3 h5 57. Ke3 f5 58. Kd3 g4 59. hxg4 hxg4 60. fxg4 fxg4 61. Ke3 Kd6 62. Kf4 Kc5 63. Kxg4 Kc4 64. Kf3 Kd3 65. Kf2 Kd2 66. Kf1 Kxc3 67. Ke2 d4 68. Kd1 Kd3 69. Ke1 Kc2 70. Ke2 d3+ 71. Ke3 d2 72. Kf2 d1=Q 73. Ke3 Qd5 74. Kf4 Kd3 75. Kg3 Qe4 76. Kf2 Kd2 77. Kg3 Ke2 78. Kh2 Qg6 79. Kh3 Kf3 0-1

[Event "71. Unterfraenkische Einzelmeisterschaft 2022"]
[White "Grineva,Marianna"]
[Black "Englert,Fabian"]
[Site "Wertheim"]
[Round "7.1"]
[Annotator ""]
[Result "0-1"]
[Date "2022.04.22"]
[WhiteElo "1996"]
[BlackElo "2420"]
[PlyCount "90"]

1. e4 c5 2. Be2 Nc6 3. f4 d5 4. d3 g6 5. Nf3 Bg7 6. O-O e6 7. Qe1 Nge7 8. Na3 O-O 9. c3 Rb8 10. Be3 d4 11. Bd2 dxc3 12. bxc3 b5 13. Nc2 b4 14. Ne3 bxc3 15. Bxc3 Nd4 16. Rc1 Ba6 17. Nc4 Bxc4 18. dxc4 Nxf3+ 19. Bxf3 Bxc3 20. Qxc3 Nc6 21. Rcd1 Nd4 22. Rf2 Rb4 23. f5 e5 24. Rdf1 Qg5 25. h3 Rfb8 26. fxg6 hxg6 27. Qa3 R8b7 28. Bg4 Kg7 29. Qa5 Rxc4 30. Bc8 Re7 31. Qd8 Rc1 32. Kh2 Rxf1 33. Rxf1 c4 34. Ba6 Ne6 35. Qa5 Rc7 36. Qc3 Nf4 37. Rf2 Nd3 38. Rf3 Nf4 39. Rf2 Nd3 40. Rf3 Qc1 41. Qa5 Rc5 42. Qd8 Nf4 43. Qd6 Ra5 44. a3 Qb2 45. Rg3 Rxa6 0-1

[Event "71. Unterfraenkische Einzelmeisterschaft 2022"]
[White "Helm,Timo"]
[Black "Babiy,Olga"]
[Site "Wertheim"]
[Round "7.2"]
[Annotator ""]
[Result "0-1"]
[Date "2022.04.22"]
[WhiteElo "2067"]
[BlackElo "2261"]
[PlyCount "45"]

1. e4 c5 2. b3 Nc6 3. Bb2 e5 4. Bc4 g6 5. Nc3 Nf6 6. d3 Bg7 7. Nge2 O-O 8. O-O a6 9. a4 Rb8 10. Qd2 Nh5 11. Nd5 b5 12. g4 bxc4 13. gxh5 cxd3 14. Qxd3 d6 15. Kh1 Qh4 16. Rg1 Qxh5 17. f4 Bg4 18. Rge1 Bf3+ 19. Kg1 Nb4 20. Nxb4 Qh3 21. Kf2 Qg2+ 22. Ke3 Rxb4 23. Kd4 0-1

[Event "71. Unterfraenkische Einzelmeisterschaft 2022"]
[White "Amtmann,Florian"]
[Black "Kalinina,Larisa"]
[Site "Wertheim"]
[Round "7.3"]
[Annotator ""]
[Result "0-1"]
[Date "2022.04.22"]
[WhiteElo "2130"]
[BlackElo "2131"]
[PlyCount "100"]

1. Nf3 c5 2. g3 Nc6 3. Bg2 g6 4. O-O Bg7 5. c4 e6 6. Nc3 d5 7. cxd5 exd5 8. d3 Nge7 9. Bg5 Be6 10. Qc1 h6 11. Bd2 Qd7 12. Rd1 b6 13. e4 Nb4 14. Ne1 Bg4 15. f3 Bh3 16. Ne2 Bxg2 17. Kxg2 Nbc6 18. Bc3 O-O 19. Bxg7 Kxg7 20. f4 Qg4 21. Nf3 Rad8 22. Qc3+ f6 23. a3 Qe6 24. Qc2 Rfe8 25. Nc3 dxe4 26. dxe4 Nd4 27. Qf2 Nxf3 28. Qxf3 Qb3 29. Qf2 Nc6 30. Rxd8 Rxd8 31. Re1 Nd4 32. h4 Qe6 33. Re3 Rd7 34. Kh2 Qg4 35. Rd3 Re7 36. Rxd4 cxd4 37. Qxd4 Rd7 38. Nd5 Qe2+ 39. Kh3 Re7 40. Qb4 g5 41. hxg5 hxg5 42. Qd4 Kg6 43. f5+ Kh5 44. g4+ Qxg4+ 45. Kh2 Qe2+ 46. Kg3 Qe1+ 47. Kg2 g4 48. Nxf6+ Kh4 49. Qd8 Qe2+ 50. Kg1 Kg3 0-1

[Event "71. Unterfraenkische Einzelmeisterschaft 2022"]
[White "Heidel,Andre Nicolas"]
[Black "Kuhn,Norbert"]
[Site "Wertheim"]
[Round "7.4"]
[Annotator ""]
[Result "1-0"]
[Date "2022.04.22"]
[WhiteElo "2154"]
[BlackElo "2018"]
[PlyCount "79"]

1. d4 d5 2. Nf3 e6 3. g3 Nf6 4. Bg2 Bd6 5. b3 Nbd7 6. Bb2 O-O 7. c4 b6 8. O-O Bb7 9. cxd5 exd5 10. Nc3 a6 11. Nh4 Re8 12. Nf5 Bf8 13. Ne3 c6 14. Rc1 g6 15. Nc2 Rc8 16. Qd3 Bg7 17. b4 Nf8 18. a3 Ne6 19. Rcd1 Rc7 20. Bc1 Rce7 21. f4 c5 22. dxc5 bxc5 23. f5 Nd4 24. fxg6 hxg6 25. bxc5 Nxe2+ 26. Nxe2 Rxe2 27. Nd4 R2e7 28. Bg5 Re5 29. Bf4 R5e7 30. Bh3 Re4 31. c6 Bc8 32. c7 Qe7 33. Bxc8 Rxc8 34. Qxa6 Qd7 35. Nc6 Re6 36. Rc1 Nh5 37. Rfe1 Nxf4 38. Rxe6 Qxe6 39. Qxc8+ Qd7 40. Qa6 1-0

[Event "71. Unterfraenkische Einzelmeisterschaft 2022"]
[White "Markert,Markus"]
[Black "Steinmacher,Josef"]
[Site "Wertheim"]
[Round "7.5"]
[Annotator ""]
[Result "1-0"]
[Date "2022.04.22"]
[WhiteElo "1986"]
[BlackElo "2031"]
[PlyCount "59"]

1. d4 Nf6 2. Bf4 c5 3. c3 b6 4. Nf3 Bb7 5. e3 d6 6. Nbd2 g6 7. Bd3 Bg7 8. Qc2 Nc6 9. Bg5 Qd7 10. a4 cxd4 11. exd4 Rc8 12. Qb1 O-O 13. h4 e6 14. Bxf6 Bxf6 15. Ne4 Bg7 16. h5 f5 17. Ng3 Ne7 18. hxg6 hxg6 19. Bb5 Qd8 20. Qd1 Nd5 21. Qd2 e5 22. dxe5 dxe5 23. Ne2 a6 24. Ng5 Qe7 25. Bxa6 Rfd8 26. Bxb7 Qxb7 27. Ne6 Nf4 28. Nxd8 Qe7 29. Nxf4 exf4+ 30. Qe2 1-0

[Event "71. Unterfraenkische Einzelmeisterschaft 2022"]
[White "Oster,Klaus"]
[Black "Basel,Matthias"]
[Site "Wertheim"]
[Round "7.6"]
[Annotator ""]
[Result "1/2-1/2"]
[Date "2022.04.22"]
[WhiteElo "1915"]
[BlackElo "2057"]
[PlyCount "69"]

1. d4 Nf6 2. Nf3 g6 3. g3 Bg7 4. Bg2 O-O 5. O-O d6 6. b3 a5 7. Bb2 c6 8. Re1 Qc7 9. e4 Bg4 10. Nbd2 Na6 11. h3 Bd7 12. e5 Nh5 13. Ne4 d5 14. Nc5 Nxc5 15. dxc5 Rfe8 16. Qd2 Bf8 17. Ng5 f5 18. Bf3 Ng7 19. e6 h6 20. exd7 Qxd7 21. Rad1 hxg5 22. Qxg5 Kh7 23. Qh4+ Kg8 24. Qh6 Kf7 25. h4 e5 26. Bxe5 Re6 27. h5 Nxh5 28. Qh7+ Ng7 29. Bd4 Rae8 30. Kf1 Rxe1+ 31. Rxe1 Rxe1+ 32. Kxe1 Qe7+ 33. Kf1 Qg5 34. c3 Qc1+ 35. Kg2 1/2-1/2

[Event "71. Unterfraenkische Einzelmeisterschaft 2022"]
[White "Roth,Jakob"]
[Black "Lutz,Peter"]
[Site "Wertheim"]
[Round "7.7"]
[Annotator ""]
[Result "1-0"]
[Date "2022.04.22"]
[WhiteElo "1980"]
[BlackElo "2003"]
[PlyCount "47"]

1. d4 d5 2. c4 e6 3. Nc3 c5 4. cxd5 exd5 5. Nf3 Nc6 6. g3 Nf6 7. Bg2 Be6 8. O-O Be7 9. a3 cxd4 10. Nb5 a6 11. Nbxd4 O-O 12. b3 Ne4 13. Bb2 Bf6 14. Nxc6 bxc6 15. Bxf6 Nxf6 16. Qd4 Rb8 17. b4 Nd7 18. Rfc1 Qb6 19. Qxb6 Rxb6 20. Nd4 Ne5 21. Rc5 Rc8 22. Rac1 Nc4 23. e4 dxe4 24. Nxe6 1-0

[Event "71. Unterfraenkische Einzelmeisterschaft 2022"]
[White "Ersoez,Can"]
[Black "Schellenberger,Dirk"]
[Site "Wertheim"]
[Round "7.9"]
[Annotator ""]
[Result "1-0"]
[Date "2022.04.22"]
[WhiteElo "1943"]
[BlackElo "1680"]
[PlyCount "79"]

1. e4 c5 2. Nc3 e6 3. f4 Nc6 4. Nf3 a6 5. Be2 d5 6. d3 b5 7. O-O Bb7 8. Qe1 Nge7 9. a4 Nd4 10. Bd1 b4 11. Nb1 dxe4 12. dxe4 Nec6 13. Nbd2 Be7 14. c3 bxc3 15. bxc3 Nxf3+ 16. Rxf3 O-O 17. Rb1 Rb8 18. Bc2 e5 19. Nc4 Ba8 20. fxe5 Rxb1 21. Bxb1 Qb8 22. Bf4 Qb3 23. Ne3 Rb8 24. Rf1 Qe6 25. Qg3 Bf8 26. Bd3 Na5 27. Nd5 c4 28. Be2 Bc5+ 29. Kh1 Rb2 30. Bg4 Qg6 31. Qh4 Bxd5 32. exd5 Nb7 33. Rd1 h5 34. Bf3 Rb1 35. Qe1 Rb2 36. d6 Bf2 37. Qf1 Nd8 38. Qxc4 Rb1 39. Qf1 Qd3 40. Qxd3 1-0

[Event "71. Unterfraenkische Einzelmeisterschaft 2022"]
[White "Voellinger,Florian"]
[Black "Roth,Ludwig"]
[Site "Wertheim"]
[Round "7.10"]
[Annotator ""]
[Result "0-1"]
[Date "2022.04.22"]
[WhiteElo "1866"]
[BlackElo "1522"]
[PlyCount "66"]

1. d4 Nf6 2. c4 g6 3. Nc3 Bg7 4. e4 d6 5. f4 O-O 6. Nf3 c5 7. d5 e6 8. Be2 exd5 9. cxd5 Bg4 10. O-O Nbd7 11. Qc2 Re8 12. Bd2 a6 13. Rae1 Bxf3 14. Bxf3 b5 15. e5 dxe5 16. f5 b4 17. Na4 Rc8 18. b3 e4 19. Be2 Ra8 20. fxg6 hxg6 21. Bg5 Re5 22. Bxf6 Nxf6 23. Qxc5 Nxd5 24. Bc4 Rc8 25. Qa7 Rc7 26. Qxa6 Qg5 27. Nb6 Nf4 28. g3 Ra5 29. Nd5 Nh3+ 30. Kg2 Rxa6 31. Nxc7 Rxa2+ 32. Kh1 Nf2+ 33. Kg1 Qc5 0-1

[Event "71. Unterfraenkische Einzelmeisterschaft 2022"]
[White "Scholz,Michael"]
[Black "Simon,Jonathan"]
[Site "Wertheim"]
[Round "7.11"]
[Annotator ""]
[Result "0-1"]
[Date "2022.04.22"]
[WhiteElo "1832"]
[BlackElo "1848"]
[PlyCount "87"]

1. d4 Nf6 2. Nc3 g6 3. e4 d6 4. Bc4 Bg7 5. f3 c6 6. Bb3 b5 7. Be3 Nbd7 8. Qd2 Nb6 9. h4 a5 10. a4 b4 11. Nce2 Ba6 12. Nh3 Qc7 13. Bh6 Bxh6 14. Qxh6 Bxe2 15. Qg7 O-O-O 16. Kxe2 Nh5 17. Qxf7 Ng3+ 18. Kf2 Nxh1+ 19. Rxh1 Rdf8 20. Qe6+ Qd7 21. Ke3 Qxe6 22. Bxe6+ Kb7 23. Bb3 c5 24. dxc5 dxc5 25. Bd5+ Nxd5+ 26. exd5 Rf5 27. Nf4 Rhf8 28. g3 Kb6 29. Ke4 R5f6 30. Rf1 Rc8 31. c4 Kc7 32. h5 gxh5 33. Rh1 Rh6 34. g4 Rg8 35. Nxh5 Kd6 36. Rh4 Rf8 37. g5 Rg6 38. f4 e6 39. Nf6 h6 40. dxe6 hxg5 41. fxg5 Rxg5 42. e7 Re5+ 43. Kd3 Rxf6 44. Kd4 0-1

[Event "71. Unterfraenkische Einzelmeisterschaft 2022"]
[White "Simon,Manuel"]
[Black "Englert,Fred"]
[Site "Wertheim"]
[Round "7.12"]
[Annotator ""]
[Result "1-0"]
[Date "2022.04.22"]
[WhiteElo "1647"]
[BlackElo "1733"]
[PlyCount "77"]

1. e4 c6 2. d4 d5 3. Nc3 dxe4 4. Nxe4 g6 5. Nf3 Bg7 6. Bc4 Nf6 7. Nxf6+ exf6 8. O-O O-O 9. Re1 Nd7 10. a4 Nb6 11. Bf1 Bg4 12. c3 a5 13. Bf4 Qd5 14. Be2 Rfe8 15. Qc2 Bf5 16. Bd3 Bxd3 17. Rxe8+ Rxe8 18. Qxd3 c5 19. Qb5 Re6 20. Qxc5 Qb3 21. Qb5 Qc2 22. Be3 Bf8 23. d5 Nxd5 24. Qxd5 Rd6 25. Nd4 Qxb2 26. Qa2 Qxc3 27. Nb5 Qe5 28. Nxd6 Bxd6 29. g3 Bb4 30. Rc1 Kg7 31. Qc2 Ba3 32. Rb1 Bb4 33. Bd2 Bc5 34. Rxb7 Qa1+ 35. Rb1 Qe5 36. Bf4 Qd5 37. Qd2 Qe4 38. Bh6+ Kg8 39. Qd8+ 1-0

[Event "71. Unterfraenkische Einzelmeisterschaft 2022"]
[White "Englert,Fabian"]
[Black "Roth,Jakob"]
[Site "Wertheim"]
[Round "8.1"]
[Annotator ""]
[Result "1-0"]
[Date "2022.04.22"]
[WhiteElo "2420"]
[BlackElo "1980"]
[PlyCount "129"]

1. e4 e6 2. d4 d5 3. Nd2 Nf6 4. e5 Nfd7 5. c3 c5 6. f4 Nc6 7. Ndf3 f6 8. a3 Be7 9. Bd3 cxd4 10. cxd4 fxe5 11. fxe5 a5 12. b3 O-O 13. Ne2 Rf7 14. O-O Nf8 15. Ra2 Bd7 16. Kh1 Rc8 17. Ng3 Be8 18. Raf2 Na7 19. Ne1 Rxf2 20. Rxf2 Nb5 21. Nc2 Rc3 22. a4 Na7 23. Rf3 Rc7 24. Be3 Nc6 25. Rf2 Nb4 26. Nxb4 Bxb4 27. h3 Qh4 28. Kh2 Ng6 29. Rc2 Rxc2 30. Qxc2 Qd8 31. Ne2 Bf7 32. Qc1 Be8 33. Bg5 Be7 34. Bxe7 Nxe7 35. Qg5 Nc6 36. Qg4 Qe7 37. Bb5 Nd8 38. Bxe8 Qxe8 39. Nf4 Qe7 40. h4 Kf8 41. Nh3 Nf7 42. Nf4 Nd8 43. g3 Qf7 44. Kg2 Ke7 45. Qg5+ Kd7 46. Qg4 Ke7 47. Nh3 Nc6 48. h5 Kd7 49. Ng5 Qg8 50. Qf4 h6 51. Nf3 Qe8 52. g4 Nd8 53. Qd2 Nc6 54. Qc2 Qf7 55. Qh7 Ne7 56. Kg3 Ke8 57. Qd3 Nc6 58. Nh4 Kd8 59. Ng6 Kd7 60. Kg2 Kd8 61. Qb5 Kc8 62. Qc5 Kc7 63. Qd6+ Kc8 64. Kg3 Nxd4 65. Ne7+ 1-0

[Event "71. Unterfraenkische Einzelmeisterschaft 2022"]
[White "Babiy,Olga"]
[Black "Markert,Markus"]
[Site "Wertheim"]
[Round "8.2"]
[Annotator ""]
[Result "1/2-1/2"]
[Date "2022.04.22"]
[WhiteElo "2261"]
[BlackElo "1986"]
[PlyCount "54"]

1. e4 e6 2. d4 d5 3. Nc3 Nf6 4. Bg5 Be7 5. e5 Nfd7 6. h4 a6 7. Qg4 g6 8. Bxe7 Qxe7 9. O-O-O h5 10. Qf4 c5 11. dxc5 Nxc5 12. Nf3 Nc6 13. Re1 b5 14. a3 b4 15. axb4 Nxb4 16. Ng5 Nc6 17. Rh3 Nd7 18. Rf3 Rf8 19. Qa4 Qc5 20. Qf4 Qd4 21. Qg3 Qb4 22. Rf4 d4 23. Rfe4 Nc5 24. f4 Rb8 25. Nd1 Qa5 26. Bc4 Rb4 27. Bb3 Nxb3+ 1/2-1/2

[Event "71. Unterfraenkische Einzelmeisterschaft 2022"]
[White "Kalinina,Larisa"]
[Black "Heidel,Andre Nicolas"]
[Site "Wertheim"]
[Round "8.3"]
[Annotator ""]
[Result "0-1"]
[Date "2022.04.22"]
[WhiteElo "2131"]
[BlackElo "2154"]
[PlyCount "72"]

1. e4 e6 2. d4 d5 3. e5 c5 4. c3 Nc6 5. Nf3 Nh6 6. Be2 cxd4 7. Bxh6 gxh6 8. cxd4 Bg7 9. O-O f6 10. Bb5 O-O 11. Re1 Bd7 12. Bxc6 bxc6 13. Nc3 Be8 14. exf6 Qxf6 15. Qd2 c5 16. dxc5 Rc8 17. Ne5 Rxc5 18. Rac1 Qg5 19. Qe2 d4 20. f4 Rxf4 21. Nd3 dxc3 22. Nxf4 Qxf4 23. Qxe6+ Bf7 24. Qe7 Bf8 25. Qe2 Qd4+ 26. Kh1 cxb2 27. Rb1 Bg7 28. Red1 Qh4 29. Qe3 Qg5 30. Re1 Be5 31. Qe4 Rc1 32. g3 Rxb1 33. Rxb1 Bf6 34. Qc2 Qd5+ 35. Kg1 Bd4+ 36. Kf1 Qh1+ 0-1

[Event "71. Unterfraenkische Einzelmeisterschaft 2022"]
[White "Steinmacher,Josef"]
[Black "Amtmann,Florian"]
[Site "Wertheim"]
[Round "8.4"]
[Annotator ""]
[Result "1/2-1/2"]
[Date "2022.04.22"]
[WhiteElo "2031"]
[BlackElo "2130"]
[PlyCount "118"]

1. d4 Nf6 2. Nf3 c5 3. e3 cxd4 4. exd4 d5 5. Bd3 Bg4 6. Nbd2 e6 7. h3 Bh5 8. c3 Nc6 9. Qe2 Be7 10. O-O O-O 11. Re1 a6 12. a4 Bg6 13. Bxg6 hxg6 14. Ng5 Qd7 15. Ndf3 Nh7 16. h4 Rfe8 17. Nh3 Bd6 18. Bf4 Bxf4 19. Nxf4 Qc7 20. Nd3 Qd8 21. Qe3 Rc8 22. g3 b6 23. Kg2 Na5 24. Nde5 Nc4 25. Qe2 a5 26. Nd3 Rb8 27. Nfe5 Qc7 28. Rh1 Nf6 29. Qf3 Nxe5 30. Qf4 Nfd7 31. Nxe5 Nxe5 32. Rhe1 Rb7 33. Rxe5 f6 34. Re2 Qxf4 35. gxf4 Kf7 36. Ra3 Reb8 37. Rb3 b5 38. axb5 Rxb5 39. Rxb5 Rxb5 40. Kf3 Rb3 41. Ke3 a4 42. Kd3 Rb8 43. f3 Rb6 44. Kc2 Kg8 45. Kb1 Kh7 46. Ka2 Kh6 47. Ka3 Ra6 48. Kb4 Kh5 49. Rh2 Ra8 50. Ka3 Ra7 51. Kb4 Kh6 52. Ka3 g5 53. hxg5+ Kg6 54. Rg2 Kf5 55. Rg4 Rb7 56. gxf6 gxf6 57. Rh4 Rb3+ 58. Ka2 Rb8 59. Ka3 Rb3+ 1/2-1/2

[Event "71. Unterfraenkische Einzelmeisterschaft 2022"]
[White "Basel,Matthias"]
[Black "Helm,Timo"]
[Site "Wertheim"]
[Round "8.5"]
[Annotator ""]
[Result "1-0"]
[Date "2022.04.22"]
[WhiteElo "2057"]
[BlackElo "2067"]
[PlyCount "51"]

1. d4 d5 2. Nf3 Nf6 3. c4 e6 4. Nc3 c6 5. e3 Nbd7 6. Qc2 Be7 7. b3 b6 8. Bb2 Bb7 9. Be2 Rc8 10. g4 c5 11. Rg1 dxc4 12. bxc4 cxd4 13. Nxd4 Ne5 14. Rd1 Qc7 15. Ncb5 Qb8 16. f4 Nxc4 17. Bxc4 Bd5 18. Na3 Bb4+ 19. Kf1 Bxa3 20. Qa4+ Nd7 21. Bb5 Bxb2 22. Bxd7+ Kd8 23. Nc6+ Rxc6 24. Bxc6 Qd6 25. Bxd5 exd5 26. Qb3 1-0

[Event "71. Unterfraenkische Einzelmeisterschaft 2022"]
[White "Kuhn,Norbert"]
[Black "Oster,Klaus"]
[Site "Wertheim"]
[Round "8.6"]
[Annotator ""]
[Result "1/2-1/2"]
[Date "2022.04.22"]
[WhiteElo "2018"]
[BlackElo "1915"]
[PlyCount "60"]

1. e4 c6 2. d4 d5 3. Nc3 dxe4 4. Nxe4 Nf6 5. Nxf6+ exf6 6. Nf3 Bd6 7. Be2 O-O 8. O-O Re8 9. h3 Nd7 10. c4 Nf8 11. Re1 Be6 12. Bd2 Ng6 13. Bc3 Bc7 14. Bf1 Qd6 15. g3 Qd7 16. Kh2 h5 17. h4 Bg4 18. Rxe8+ Rxe8 19. Kg2 Qd6 20. Qd2 f5 21. Re1 Rd8 22. Bd3 Bxf3+ 23. Kxf3 f4 24. Bxg6 Qxg6 25. Kg2 fxg3 26. f3 Qf6 27. Qg5 Qxg5 28. hxg5 Rd7 29. Re4 Kh7 30. f4 Kg6 1/2-1/2

[Event "71. Unterfraenkische Einzelmeisterschaft 2022"]
[White "Link,Robert"]
[Black "Grineva,Marianna"]
[Site "Wertheim"]
[Round "8.7"]
[Annotator ""]
[Result "0-1"]
[Date "2022.04.22"]
[WhiteElo "1944"]
[BlackElo "1996"]
[PlyCount "108"]

1. c4 d6 2. g3 f5 3. Bg2 Nf6 4. Nc3 e5 5. d3 Be7 6. e3 c6 7. Nge2 O-O 8. O-O Qe8 9. f4 Nbd7 10. Rb1 a5 11. a3 Bd8 12. b4 axb4 13. axb4 exf4 14. exf4 Ng4 15. d4 Ne3 16. Bxe3 Qxe3+ 17. Kh1 Nf6 18. Rf3 Qe6 19. d5 cxd5 20. Nxd5 Nxd5 21. cxd5 Qf6 22. Nd4 Re8 23. Rd3 Bd7 24. b5 Bb6 25. Ne6 Rec8 26. h3 h6 27. Qb3 Ra5 28. Rdd1 Qc3 29. Rdc1 Qxb3 30. Rxc8+ Bxc8 31. Rxb3 Kf7 32. Bf3 g6 33. Rb2 Bd7 34. Be2 Bxe6 35. dxe6+ Kxe6 36. Bc4+ d5 37. Re2+ Kd6 38. Rd2 d4 39. Re2 Kc5 40. Bd3 Ra3 41. Rd2 Ba5 42. Rd1 Rxd3 43. Rxd3 Bc3 44. Kg2 Kxb5 45. Kf1 Kc4 46. Ke2 b5 47. Rd1 b4 48. g4 b3 49. h4 h5 50. gxh5 gxh5 51. Rb1 b2 52. Rd1 Bb4 53. Rb1 Kc3 54. Kd1 Kb3 0-1